| 000 | 00513nam a2200193 a 4500 | ||
|---|---|---|---|
| 005 | 20240524071412.0 | ||
| 008 | 220428s2021 vm 000 0 vie d | ||
| 020 | _a9786043440003 | ||
| 040 |
_aDLC _bvie _eAACR2 |
||
| 041 | 1 |
_avie _heng |
|
| 082 | 0 | 4 | _a04 210 |
| 100 | 0 | _aOsho | |
| 245 | 1 | 0 |
_aTrò chuyện với vĩ nhân _b: Meetings with remarkable people |
| 246 | 3 | 1 | _aMeetings with remarkable people |
| 260 |
_bDân trí _c, 2021 |
||
| 300 |
_a388 tr. _c; 21 cm |
||
| 653 | 4 | _aTrò chuyện | |
| 942 |
_2ddc _cBK |
||
| 999 |
_c13 _d13 |
||